Statistics for Historical Figures

Click here to take the quiz!

General Stats

  • This quiz has been taken 440 times
  • The average score is 12 of 20

Answer Stats

HintAnswer% Correct
Discovered gravityIsaac Newton
93%
Japanese emperor during World War IIHirohito
81%
Author of Huckleberry Finn and Tom SawyerMark Twain
80%
The Sun King of FranceLouis XIV
79%
Austrian composer of The Magic FluteWolfgang Amadeus Mozart
79%
Roman dictator who died in 44 BCJulius Caesar
77%
Painter of the Sistine ChapelMichelangelo
77%
Hero of Latin America's independenceSimon Bolivar
76%
Last pharaoh of Egypt before conquered by RomeCleopatra VII
74%
American President during World War IWoodrow Wilson
69%
Athenian empiricist philosopherAristotle
64%
Inventor of penicillinAlexander Fleming
57%
First popeSaint Peter
54%
Islamic leader who retook JerusalemSaladin
53%
The Iron Chancellor of GermanyOtto Bismarck
52%
Apache leader who fought both the Spanish and AmericansGeronimo
48%
First ruler of the Persian EmpireCyrus II
35%
Author of the Tao Te ChingLaozi
29%
First Emperor of ChinaQin Shi Huang
23%
Enlightenment author who wrote The Spirit of LawsMontesquieu
7%

Score Distribution

Percentile by Number Answered

Percent of People with Each Score

Your Score History

You have not taken this quiz